[Event "20eme Open de Wasselonne"]
[Site "Espace Saint-Laurent Wasselonne"]
[Date "2015.08.04"]
[Round "7.2"]
[White "Kukov, Velislav"]
[Black "Bellahcene, Bilel"]
[Result "1/2-1/2"]
[BlackElo "2467"]
[WhiteElo "2363"]
[LiveChessVersion "1.4.8"]

1. d4 {[%clk 1:30:58]} Nf6 {[%clk 1:28:44]} 2. Nf3 {[%clk 1:31:14]} g6
{[%clk 1:29:06]} 3. Bf4 {[%clk 1:31:13]} Bg7 {[%clk 1:29:26]} 4. e3
{[%clk 1:31:33]} d6 {[%clk 1:29:44]} 5. h3 {[%clk 1:31:58]} O-O {[%clk 1:30:06]}
6. Be2 {[%clk 1:32:16]} b6 {[%clk 1:29:52]} 7. O-O {[%clk 1:32:22]} Bb7
{[%clk 1:30:19]} 8. c3 {[%clk 1:32:18]} Nfd7 {[%clk 1:29:04]} 9. a4
{[%clk 1:30:21]} e5 10. Bh2 Nc6 {[%clk 1:27:38]} 11. b4 {[%clk 1:23:24]} a5
{[%clk 1:25:51]} 12. b5 {[%clk 1:22:39]} Ne7 {[%clk 1:25:52]} 13. Na3
{[%clk 1:22:48]} Nf5 14. Nc4 Qe7 {[%clk 1:18:39]} 15. Qc2 {[%clk 0:56:16]} Rae8
{[%clk 1:12:10]} 16. Rad1 {[%clk 0:51:38]} Nh4 {[%clk 1:10:27]} 17. Nxh4
{[%clk 0:50:00]} Qxh4 {[%clk 1:05:18]} 18. Nd2 f5 19. Qb3+ {[%clk 0:28:03]} Kh8
{[%clk 1:04:58]} 20. Qc4 {[%clk 0:27:55]} Qd8 {[%clk 1:05:26]} 21. f4
{[%clk 0:24:04]} exf4 {[%clk 1:02:05]} 22. exf4 {[%clk 0:24:32]} Nf6
{[%clk 0:59:51]} 23. Bf3 {[%clk 0:24:40]} Ne4 {[%clk 0:49:02]} 24. Nxe4
{[%clk 0:22:24]} fxe4 {[%clk 0:46:08]} 25. Be2 {[%clk 0:20:55]} Bc8
{[%clk 0:46:37]} 26. Bg3 {[%clk 0:19:35]} d5 {[%clk 0:41:14]} 27. Qb3
{[%clk 0:20:03]} Be6 {[%clk 0:41:44]} 28. Qc2 {[%clk 0:15:36]} Rf7
{[%clk 0:39:08]} 29. Bg4 {[%clk 0:13:11]} Bxg4 {[%clk 0:38:09]} 30. hxg4
{[%clk 0:13:39]} Qc8 {[%clk 0:38:39]} 31. Qe2 {[%clk 0:11:08]} c6
{[%clk 0:35:44]} 32. Be1 {[%clk 0:10:47]} c5 {[%clk 0:28:21]} 33. g3
{[%clk 0:08:31]} cxd4 {[%clk 0:28:19]} 34. cxd4 Rc7 35. Rf2 {[%clk 0:04:04]} Rc4
{[%clk 0:27:45]} 36. f5 {[%clk 0:03:50]} Rf8 {[%clk 0:26:07]} 37. fxg6
{[%clk 0:04:16]} hxg6 {[%clk 0:26:22]} 38. Rxf8+ {[%clk 0:04:38]} Qxf8
{[%clk 0:26:06]} 39. Bf2 {[%clk 0:05:05]} Qc8 {[%clk 0:25:22]} 40. Be3
{[%clk 0:03:22]} Kg8 {[%clk 0:15:23]} 41. Kg2 {[%clk 0:01:13]} Rc3
{[%clk 0:11:13]} 42. g5 {[%clk 0:00:32]} Rc2 {[%clk 0:09:55]} 43. Rd2
{[%clk 0:01:02]} Rc3 {[%clk 0:08:53]} 44. Rd1 {[%clk 0:00:39]} Bf8
{[%clk 0:08:56]} 45. Bf4 {[%clk 0:00:54]} Bb4 {[%clk 0:08:54]} 46. Kg1
{[%clk 0:00:37]} Rc2 {[%clk 0:06:26]} 47. Qf1 {[%clk 0:01:03]} Bc3
{[%clk 0:05:32]} 48. Be5 {[%clk 0:00:33]} Qf5 {[%clk 0:05:43]} 49. Qxf5
{[%clk 0:00:37]} gxf5 {[%clk 0:06:12]} 50. Bf4 {[%clk 0:00:39]} Kf7
{[%clk 0:06:16]} 51. Kf1 {[%clk 0:00:43]} Kg6 {[%clk 0:06:41]} 52. Be3
{[%clk 0:00:39]} Kh5 {[%clk 0:05:02]} 53. Rb1 {[%clk 0:00:35]} Bd2
{[%clk 0:04:00]} 54. Bf4 {[%clk 0:00:34]} Bxf4 {[%clk 0:02:36]} 55. gxf4
{[%clk 0:01:03]} Rh2 {[%clk 0:03:05]} 56. Kg1 {[%clk 0:01:02]} Rh4
{[%clk 0:00:58]} 57. Rc1 {[%clk 0:00:34]} Rxf4 {[%clk 0:01:23]} 58. Rc6
{[%clk 0:01:00]} e3 {[%clk 0:00:45]} 59. Rxb6 {[%clk 0:01:26]} Kxg5
{[%clk 0:01:06]} 60. Re6 {[%clk 0:01:33]} Rxd4 {[%clk 0:01:02]} 61. Rxe3
{[%clk 0:02:02]} Rc4 {[%clk 0:02:02]} 1/2-1/2

[Event "20eme Open de Wasselonne"]
[Site "Espace Saint-Laurent Wasselonne"]
[Date "2015.08.04"]
[Round "7.3"]
[White "Zimmer, Raphael"]
[Black "Braeuning, Rudolf Wilhelm"]
[Result "0-1"]
[BlackElo "2358"]
[WhiteElo "2180"]
[LiveChessVersion "1.4.8"]

1. e4 {[%clk 1:30:59]} c6 {[%clk 1:20:01]} 2. c4 {[%clk 1:31:11]} d5
{[%clk 1:20:24]} 3. exd5 {[%clk 1:31:34]} cxd5 {[%clk 1:20:25]} 4. cxd5
{[%clk 1:31:53]} Nf6 {[%clk 1:20:50]} 5. Nc3 {[%clk 1:32:16]} Nxd5
{[%clk 1:20:02]} 6. Nf3 {[%clk 1:32:28]} g6 {[%clk 1:18:47]} 7. d4
{[%clk 1:31:19]} Bg7 {[%clk 1:19:08]} 8. Bd3 {[%clk 1:31:37]} O-O
{[%clk 1:17:35]} 9. O-O {[%clk 1:31:38]} Nc6 {[%clk 1:11:25]} 10. Be4
{[%clk 1:27:06]} Be6 {[%clk 0:56:43]} 11. Be3 {[%clk 1:13:49]} Rc8
{[%clk 0:45:11]} 12. Ng5 {[%clk 1:03:54]} Nxe3 {[%clk 0:38:07]} 13. fxe3
{[%clk 1:04:14]} Bc4 {[%clk 0:38:01]} 14. Re1 {[%clk 0:54:07]} e5
{[%clk 0:35:39]} 15. Bxc6 {[%clk 0:52:08]} exd4 {[%clk 0:26:36]} 16. exd4
{[%clk 0:39:17]} Qxd4+ {[%clk 0:18:51]} 17. Kh1 {[%clk 0:36:57]} Qxd1
{[%clk 0:16:10]} 18. Raxd1 {[%clk 0:36:23]} Rxc6 {[%clk 0:16:27]} 19. Rd7
{[%clk 0:30:32]} Rb6 {[%clk 0:15:03]} 20. Na4 {[%clk 0:27:48]} Rb5
{[%clk 0:13:55]} 21. Ne4 {[%clk 0:25:40]} Bxa2 {[%clk 0:11:45]} 22. h3
{[%clk 0:16:23]} Be6 {[%clk 0:06:42]} 23. Re7 {[%clk 0:13:52]} Re5
{[%clk 0:04:44]} 24. Nac5 {[%clk 0:10:21]} Bf5 {[%clk 0:03:18]} 25. Rxe5
{[%clk 0:08:02]} Bxe5 {[%clk 0:03:47]} 26. Nxb7 {[%clk 0:05:26]} Bxb2
{[%clk 0:02:49]} 27. g4 {[%clk 0:03:18]} Be6 {[%clk 0:02:42]} 28. Nbc5
{[%clk 0:03:13]} Bd5 {[%clk 0:02:38]} 29. Kh2 {[%clk 0:02:57]} Be5+
{[%clk 0:02:37]} 30. Ng3 {[%clk 0:03:19]} Re8 {[%clk 0:02:09]} 31. Rd1
{[%clk 0:03:13]} Bc6 {[%clk 0:02:06]} 32. Rd3 {[%clk 0:02:42]} Bc7
{[%clk 0:02:19]} 33. Nb3 {[%clk 0:01:54]} Re2+ {[%clk 0:02:23]} 0-1